000 006600000a22001930004500
020 _a0-8308-1853-7
041 0 _aENG
082 0 4 _aG 230.046 P656u
100 1 _aPinnock, Clark H. (1937-)
245 1 0 _aUnbounded love : A good news theology for the 21st century / Clark H. Pinnock & Robert C. Brow
260 _aDowners Grove, Illi., USA : InterVarsity
300 _a189 Pag
650 1 4 _aTEOLOGIA DOGMATICA \ AMOR DE DIOS \ AMOR (TEOLOGIA) \ AMOR - ASPECTOS RELIGIOSOS - CRISTIANISMO \ EVANGELICALISMO
001 3463
942 _cBK
999 _c34128
_d34128
336 _atexto
_btxt
_2rdacontent
337 _2rdamedia
_asin mediación
_bn
338 _2rdacarrier
_avolumen
_bnc